01056 2200205 4500001002100000005001500021035002000036008004100056245005800097100003100155250000600186260002900192300002900221020001800250084001400268520053400282082000800816650001400824990001200838INLIS00000000000005820240502102848 a0010-0424000034240502 0 ind 1 aSeindah Sholat Berjamaah /cMusaid Muhsin Al Qohthoni aMuhsin Al Qohthoni, Musaid a1 aSolo :bAl- Qowan,c2006 a109 hlm ;c12 cm x 18 cm a979-3942-56-8 a200 MUS s aLihatlah wahai saudaraku, barisan kaum muslimin yang berjajar rapi membentuk shof lurus ketika sholat sedang ditegakkan di masjid! Gunakan mata iman Anda untuk menatap kebersamaan nan indah yang terpancar dari barisan sholatitu! Niscaya Anda pun akan menemukan cahaya kemuliaan yang secara kontinyu menyinari bariasan itu,sehingga hati orang-orang yang rajin mendatangi jamaah sholat di masjid dari hari ke hari akan semakin jernih, sejernih mata air surga yang mereka pun berharap kelak bisa mandi lima kali sehari di dalamnya!! a200 4aNon Fiksi a0737323